| 000 | 01143nam0a2200313 4500 | ||
|---|---|---|---|
| 001 | RU\NLR\bibl\9989 | ||
| 005 | 20250615011101.0 | ||
| 021 |
_aRU _b98-14580 _9688 |
||
| 035 | _a(NLR Aleph) 000009779 | ||
| 090 |
_a32174 _c32174 |
||
| 100 | _a19981215d1998 |||y0rusy50 ca | ||
| 101 | 0 | _arus | |
| 102 | _aRU | ||
| 105 | _aa ||||||||| | ||
| 200 | 1 |
_aИстория селения Кахун _fС.Н. Жемухов, А.И. Мусукаев |
|
| 210 |
_aНальчик _cИзд. центр "Эль-Фа" _d1998 |
||
| 215 |
_a251 с. _cсхем. _d21 |
||
| 320 | _aБиблиогр. в прим. в конце гл. | ||
| 607 |
_aКахун, село _xИстория _92081198 _3RU\NLR\auth\661257165 |
||
| 686 | _aТ3(2Р-6К) | ||
| 700 | 1 |
_4070 _7ca _8rus _aЖемухов _bС. Н. _f1970- _gСуфьян Насабиевич _9205148 _3RU\NLR\AUTH\770205200 |
|
| 701 | 1 |
_aМусукаев _bА. И. _gАлександр Ибрагимович _4070 |
|
| 801 | 0 |
_aRU _bNLR _c19981215 _gPSBO |
|
| 801 | 1 |
_aRU _bNLR _c19981215 |
|
| 830 | _aАвт. раскрыты по кн. | ||
| 852 |
_aNLR _j98-3/6073 |
||
| 942 | _cBOOK | ||
| 980 | _aNB | ||